000
00215 a2200097 4500
001
15179
100
_a
Robinson E.N.G
245
_a
Monoply
260
_a
London
_b
Hutchinson university lib
_c
090
_c
11920
_d
11920
942
_a
NUST-CAE
_c
M
_c
2137
999
_c
250252
_d
250252